000 00489nam a2200181Ia 4500
001 18967
005 20260306171709.0
008 260306s9999||||xx |||||||||||||| ||und||
041 _aESP
082 _a658.575
_bG14
100 _aGalindo Cota, Ramsés Alejandro
_eAUT
245 0 _aInnovación de productos:
_bdesarrollo, investigación y estrategias de mercado
260 _c2008
300 _a158 páginas :
_c23 cm.
650 _aGEN
654 _aCAN
942 _cLIB
_dJUS
_fJUS
_2ddc
_n
999 _c18967
_d18967